000 01175nam a2200229Ia 4500
001 20321
003 GE_BSU
008 181216s||||||||xx |||||||||||||| ||und||
040 _cGE_BSU
245 _aწინასაანბანო სავარჯიშოები : მოსამზადებელი კლასის მასწავლებელთა დასახმარებლად
245 _cშეადგ.ვ.რამიშვილი;რედ:ნ.სუხიტაშვილი
250 _aმესამე გამოცემა
260 _aთბილისი
260 _bგანათლება
260 _c1983
300 _a30გვ;19სმ.
541 _h10თ.
653 _aქართული ენა
653 _aქართული ენა - წინასაანბანო სავარჯიშოები - მეთოდური სახელმძღვანელოები;
653 _aწინასაანბანო სავარჯიშოები : მასწავლებელთა დასახმარებლად
942 _cBK
999 _c53280
_d53280